[Event "DVM U16 2022"]
[Site "Darmstadt GER"]
[Date "2022.12.30"]
[Round "7"]
[White "Stadelmann, Constantin"]
[Black "Döding, Alexander"]
[Result "1/2-1/2"]
[Termination "normal"]
[Board "7.4"]
[WhiteElo "1352"]
[BlackElo "1561"]
[WhiteClock "00:54:48"]
[BlackClock "00:12:06"]
[WhiteTeam "SSV Vimaria 91 Weimar"]
[BlackTeam "Rhedaer Schachverein von 1931 e. V."]
[PlyCount "44"]
[WhiteFideId "16297970"]
[BlackFideId "34614940"]
[EventCountry "GER"]
[EventRounds "7"]
[EventType "team-swiss"]
[EventDate "2022.12.26"]

1. d4 {[%clk 1:30:59]} Nf6 {[%clk 1:30:56]} 2. Nf3 {[%clk 1:31:24]} c5 {[%clk
1:31:20]} 3. e3 {[%clk 1:31:40]} cxd4 {[%clk 1:30:55]} 4. exd4 {[%clk 1:32:03]}
g6 {[%clk 1:31:09]} 5. Bf4 {[%clk 1:31:31]} Bg7 {[%clk 1:30:32]} 6. Qd2 {[%clk
1:31:34]} h6 {[%clk 1:29:09]} 7. h4 {[%clk 1:31:06]} d5 {[%clk 1:26:26]} 8. Nc3
{[%clk 1:31:25]} a6 {[%clk 1:26:42]} 9. O-O-O {[%clk 1:29:15]} Nc6 {[%clk
1:20:29]} 10. Ne5 {[%clk 1:24:20]} Bf5 {[%clk 1:16:57]} 11. f3 {[%clk 1:23:28]}
h5 {[%clk 1:16:14]} 12. Be2 {[%clk 1:23:04]} Nb4 {[%clk 1:08:12]} 13. a3 {[%clk
1:22:20]} Nxc2 {[%clk 0:58:25]} 14. Rdg1 {[%clk 1:17:06]} Qb6 {[%clk 0:42:17]}
15. g4 {[%clk 1:13:05]} Nxd4 {[%clk 0:40:44]} 16. Be3 {[%clk 1:11:49]} Nb3
{[%clk 0:25:40]} 17. Kd1 {[%clk 1:11:45]} d4 {[%clk 0:20:57]} 18. Na4 {[%clk
1:02:37]} Qe6 {[%clk 0:18:01]} 19. Qb4 {[%clk 0:59:17]} Qxe5 {[%clk 0:15:33]}
20. Qxb3 {[%clk 0:56:44]} dxe3 {[%clk 0:14:50]} 21. gxf5 {[%clk 0:56:26]} Qd4
{[%clk 0:12:27]} 22. Ke1 {[%clk 0:54:48]} Rc8 {[%clk 0:12:06]} 1/2-1/2

[Event "DVM U16 2022"]
[Site "Darmstadt GER"]
[Date "2022.12.30"]
[Round "7"]
[White "Buchinger, Alexis"]
[Black "Elstner, Florian"]
[Result "0-1"]
[Termination "normal"]
[Board "8.1"]
[WhiteElo "1909"]
[BlackElo "1736"]
[WhiteClock "00:15:09"]
[BlackClock "00:11:29"]
[WhiteTeam "SF Neuberg"]
[BlackTeam "Schachklub König Plauen"]
[PlyCount "140"]
[WhiteFideId "16287134"]
[BlackFideId "16247264"]
[EventCountry "GER"]
[EventRounds "7"]
[EventType "team-swiss"]
[EventDate "2022.12.26"]

1. e4 {[%clk 1:30:56]} c5 {[%clk 1:30:57]} 2. Nf3 {[%clk 1:31:20]} Nc6 {[%clk
1:31:22]} 3. Bb5 {[%clk 1:31:46]} Nd4 {[%clk 1:30:02]} 4. Nxd4 {[%clk 1:32:07]}
cxd4 {[%clk 1:30:29]} 5. O-O {[%clk 1:32:24]} g6 {[%clk 1:29:11]} 6. d3 {[%clk
1:32:40]} Bg7 {[%clk 1:28:13]} 7. Nd2 {[%clk 1:31:38]} e6 {[%clk 1:27:11]} 8.
Nc4 {[%clk 1:30:27]} Qc7 {[%clk 1:25:20]} 9. Ba4 {[%clk 1:28:42]} a6 {[%clk
1:22:28]} 10. Qf3 {[%clk 1:24:44]} f6 {[%clk 1:00:34]} 11. Bd2 {[%clk 1:14:59]}
e5 {[%clk 0:49:37]} 12. Ba5 {[%clk 1:11:27]} Qb8 {[%clk 0:38:13]} 13. Nb6
{[%clk 1:09:53]} Ne7 {[%clk 0:36:04]} 14. Qg4 {[%clk 0:58:49]} Nc6 {[%clk
0:33:46]} 15. Nxa8 {[%clk 0:56:10]} Qxa8 {[%clk 0:29:01]} 16. Bc7 {[%clk
0:54:49]} b5 {[%clk 0:18:14]} 17. Bb3 {[%clk 0:55:01]} Ke7 {[%clk 0:16:32]} 18.
Bd5 {[%clk 0:52:28]} Qa7 {[%clk 0:15:54]} 19. Bxe5 {[%clk 0:48:53]} fxe5 {[%clk
0:15:43]} 20. f4 {[%clk 0:48:32]} exf4 {[%clk 0:09:09]} 21. Rxf4 {[%clk
0:45:02]} Ne5 {[%clk 0:08:13]} 22. Qg5 {[%clk 0:45:10]} Ke8 {[%clk 0:08:07]}
23. Raf1 {[%clk 0:33:55]} d6 {[%clk 0:07:50]} 24. h4 {[%clk 0:29:14]} h6 {[%clk
0:06:35]} 25. Qg3 {[%clk 0:20:25]} Rf8 {[%clk 0:05:35]} 26. Rxf8 {[%clk
0:14:25]} Bxf8 {[%clk 0:06:00]} 27. Kh1 {[%clk 0:09:17]} b4 {[%clk 0:03:57]}
28. Bb3 {[%clk 0:07:23]} a5 {[%clk 0:02:41]} 29. h5 {[%clk 0:05:25]} g5 {[%clk
0:02:26]} 30. Qf2 {[%clk 0:05:32]} Bg7 {[%clk 0:02:37]} 31. Ba4 {[%clk
0:05:52]} Kd8 {[%clk 0:01:51]} 32. c3 {[%clk 0:04:36]} bxc3 {[%clk 0:02:01]}
33. bxc3 {[%clk 0:04:59]} Nxd3 {[%clk 0:02:03]} 34. Qf7 {[%clk 0:05:00]} Qxf7
{[%clk 0:02:24]} 35. Rxf7 {[%clk 0:05:29]} Be5 {[%clk 0:02:37]} 36. cxd4 {[%clk
0:05:33]} Bxd4 {[%clk 0:03:00]} 37. g3 {[%clk 0:05:18]} Be5 {[%clk 0:02:05]}
38. Kg2 {[%clk 0:02:01]} Bg4 {[%clk 0:02:03]} 39. Rh7 {[%clk 0:01:36]} Bxh5
{[%clk 0:02:17]} 40. Rxh6 {[%clk 0:01:55]} Bf7 {[%clk 0:01:34]} 41. Bc6 {[%clk
0:28:27]} Bxa2 {[%clk 0:23:57]} 42. Rg6 {[%clk 0:27:44]} Bb3 {[%clk 0:22:57]}
43. Rxg5 {[%clk 0:27:45]} a4 {[%clk 0:22:54]} 44. Bxa4 {[%clk 0:24:30]} Bxa4
{[%clk 0:23:17]} 45. Kf3 {[%clk 0:22:01]} Bc6 {[%clk 0:21:44]} 46. Rh5 {[%clk
0:18:24]} Nc5 {[%clk 0:20:36]} 47. Kg4 {[%clk 0:17:51]} Bxe4 {[%clk 0:19:33]}
48. Rh3 {[%clk 0:17:37]} Ke7 {[%clk 0:18:46]} 49. Rh2 {[%clk 0:16:10]} Nd7
{[%clk 0:16:39]} 50. Re2 {[%clk 0:15:30]} Nf6 {[%clk 0:16:41]} 51. Kh4 {[%clk
0:15:04]} Bf3 {[%clk 0:16:17]} 52. Re3 {[%clk 0:15:12]} Bg4 {[%clk 0:16:14]}
53. Re1 {[%clk 0:15:04]} Ke6 {[%clk 0:16:20]} 54. Re3 {[%clk 0:14:59]} d5
{[%clk 0:15:57]} 55. Rd3 {[%clk 0:14:53]} d4 {[%clk 0:15:56]} 56. Ra3 {[%clk
0:13:50]} Be2 {[%clk 0:14:55]} 57. g4 {[%clk 0:13:39]} Nxg4 {[%clk 0:14:21]}
58. Rb3 {[%clk 0:13:42]} Nf6 {[%clk 0:13:07]} 59. Rb6 {[%clk 0:13:16]} Kf5
{[%clk 0:13:10]} 60. Rb7 {[%clk 0:12:41]} d3 {[%clk 0:12:12]} 61. Rb1 {[%clk
0:12:59]} d2 {[%clk 0:11:40]} 62. Rf1 {[%clk 0:13:15]} Ke4 {[%clk 0:11:13]} 63.
Rg1 {[%clk 0:13:31]} Nd5 {[%clk 0:10:46]} 64. Rh1 {[%clk 0:13:40]} Nf4 {[%clk
0:10:18]} 65. Kg3 {[%clk 0:13:57]} Nd3 {[%clk 0:10:13]} 66. Kh3 {[%clk
0:13:53]} Nf2 {[%clk 0:10:30]} 67. Kh4 {[%clk 0:14:08]} Nxh1 {[%clk 0:10:46]}
68. Kh3 {[%clk 0:14:25]} d1=Q {[%clk 0:10:54]} 69. Kh4 {[%clk 0:14:50]} Qg1
{[%clk 0:11:07]} 70. Kh3 {[%clk 0:15:09]} Qg3# {[%clk 0:11:29]} 0-1

[Event "DVM U16 2022"]
[Site "Darmstadt GER"]
[Date "2022.12.30"]
[Round "7"]
[White "Melestean, Timur"]
[Black "Eull, Emil"]
[Result "1/2-1/2"]
[Termination "normal"]
[Board "8.2"]
[WhiteElo "1718"]
[BlackElo "1969"]
[WhiteClock "00:42:27"]
[BlackClock "00:01:46"]
[WhiteTeam "Schachklub König Plauen"]
[BlackTeam "SF Neuberg"]
[PlyCount "164"]
[WhiteFideId "16280385"]
[BlackFideId "16253809"]
[EventCountry "GER"]
[EventRounds "7"]
[EventType "team-swiss"]
[EventDate "2022.12.26"]

1. d4 {[%clk 1:30:52]} d5 {[%clk 1:30:49]} 2. c4 {[%clk 1:31:15]} e6 {[%clk
1:31:14]} 3. Nf3 {[%clk 1:31:40]} Nf6 {[%clk 1:31:39]} 4. Nc3 {[%clk 1:32:04]}
Be7 {[%clk 1:32:02]} 5. Bg5 {[%clk 1:32:30]} Nbd7 {[%clk 1:32:25]} 6. e3 {[%clk
1:32:53]} h6 {[%clk 1:32:50]} 7. Bh4 {[%clk 1:33:19]} O-O {[%clk 1:33:16]} 8.
Be2 {[%clk 1:33:33]} b6 {[%clk 1:33:40]} 9. cxd5 {[%clk 1:33:58]} Nxd5 {[%clk
1:34:02]} 10. Bxe7 {[%clk 1:34:09]} Nxe7 {[%clk 1:34:16]} 11. O-O {[%clk
1:32:27]} Bb7 {[%clk 1:34:33]} 12. b4 {[%clk 1:18:57]} c5 {[%clk 1:21:24]} 13.
bxc5 {[%clk 1:17:29]} bxc5 {[%clk 1:21:42]} 14. Rc1 {[%clk 1:02:30]} Rc8 {[%clk
1:14:51]} 15. Qb3 {[%clk 0:55:06]} cxd4 {[%clk 0:53:49]} 16. Nxd4 {[%clk
0:50:42]} Qb6 {[%clk 0:33:30]} 17. Qxb6 {[%clk 0:39:18]} Nxb6 {[%clk 0:32:48]}
18. Ncb5 {[%clk 0:33:48]} Bd5 {[%clk 0:30:11]} 19. Nxa7 {[%clk 0:33:10]} Rxc1
{[%clk 0:30:10]} 20. Rxc1 {[%clk 0:33:35]} Bxa2 {[%clk 0:30:21]} 21. Nac6
{[%clk 0:32:41]} Nxc6 {[%clk 0:26:38]} 22. Rxc6 {[%clk 0:32:25]} Nd7 {[%clk
0:24:27]} 23. Rc1 {[%clk 0:32:20]} Rb8 {[%clk 0:19:13]} 24. Bd3 {[%clk
0:30:19]} Ne5 {[%clk 0:18:45]} 25. Be4 {[%clk 0:30:37]} g5 {[%clk 0:14:11]} 26.
Nf3 {[%clk 0:27:40]} Nxf3 {[%clk 0:11:10]} 27. Bxf3 {[%clk 0:28:05]} Kg7 {[%clk
0:09:11]} 28. h3 {[%clk 0:28:30]} Rb1 {[%clk 0:07:21]} 29. Rxb1 {[%clk
0:28:54]} Bxb1 {[%clk 0:07:46]} 30. g3 {[%clk 0:29:14]} e5 {[%clk 0:06:09]} 31.
g4 {[%clk 0:29:15]} Bd3 {[%clk 0:05:27]} 32. Kg2 {[%clk 0:29:38]} Kf6 {[%clk
0:03:30]} 33. Kg3 {[%clk 0:29:57]} Ke6 {[%clk 0:03:16]} 34. Bb7 {[%clk
0:29:12]} e4 {[%clk 0:02:03]} 35. Bc8 {[%clk 0:29:05]} Ke5 {[%clk 0:02:23]} 36.
Kg2 {[%clk 0:29:08]} Be2 {[%clk 0:02:32]} 37. Bd7 {[%clk 0:29:26]} Kd6 {[%clk
0:02:12]} 38. Bf5 {[%clk 0:29:28]} Ke5 {[%clk 0:02:37]} 39. Bc8 {[%clk
0:29:53]} f6 {[%clk 0:01:29]} 40. Bf5 {[%clk 0:30:09]} h5 {[%clk 0:01:31]} 41.
Bc8 {[%clk 0:29:38]} h4 {[%clk 0:30:10]} 42. Bb7 {[%clk 0:58:56]} Bd3 {[%clk
0:26:31]} 43. Kg1 {[%clk 0:57:11]} Be2 {[%clk 0:25:48]} 44. Kg2 {[%clk
0:57:21]} Bf3 {[%clk 0:26:07]} 45. Kg1 {[%clk 0:57:46]} Kd6 {[%clk 0:26:20]}
46. Ba6 {[%clk 0:57:12]} Kc5 {[%clk 0:23:27]} 47. Bf1 {[%clk 0:57:09]} Kb4
{[%clk 0:23:30]} 48. Ba6 {[%clk 0:56:58]} Kc3 {[%clk 0:23:46]} 49. Bb5 {[%clk
0:57:13]} Kd2 {[%clk 0:22:29]} 50. Bc6 {[%clk 0:57:13]} Ke1 {[%clk 0:22:35]}
51. Bb7 {[%clk 0:57:28]} Kd2 {[%clk 0:17:55]} 52. Bc6 {[%clk 0:57:43]} Kc3
{[%clk 0:18:15]} 53. Bb7 {[%clk 0:58:03]} Kc4 {[%clk 0:18:19]} 54. Ba6 {[%clk
0:58:18]} Kd5 {[%clk 0:18:39]} 55. Bb7 {[%clk 0:58:26]} Ke5 {[%clk 0:19:01]}
56. Ba6 {[%clk 0:58:50]} Bd1 {[%clk 0:17:45]} 57. Kf1 {[%clk 0:57:14]} Bc2
{[%clk 0:14:45]} 58. Be2 {[%clk 0:56:50]} Kd5 {[%clk 0:06:39]} 59. f3 {[%clk
0:56:15]} Ke5 {[%clk 0:06:18]} 60. Kf2 {[%clk 0:56:26]} Ba4 {[%clk 0:05:12]}
61. Bf1 {[%clk 0:55:29]} Bc6 {[%clk 0:04:43]} 62. fxe4 {[%clk 0:55:40]} Bxe4
{[%clk 0:04:59]} 63. Be2 {[%clk 0:55:39]} Kd6 {[%clk 0:02:13]} 64. Bf3 {[%clk
0:55:18]} Bxf3 {[%clk 0:01:10]} 65. Kxf3 {[%clk 0:55:44]} Kd5 {[%clk 0:01:39]}
66. Ke2 {[%clk 0:55:34]} Ke4 {[%clk 0:02:06]} 67. Kf2 {[%clk 0:55:59]} Kd3
{[%clk 0:01:56]} 68. Kf3 {[%clk 0:56:24]} Kd2 {[%clk 0:01:57]} 69. Ke4 {[%clk
0:55:13]} Ke2 {[%clk 0:02:23]} 70. Kf5 {[%clk 0:55:39]} Kxe3 {[%clk 0:00:36]}
71. Kxf6 {[%clk 0:56:05]} Kf4 {[%clk 0:01:03]} 72. Kg6 {[%clk 0:56:27]} Kg3
{[%clk 0:01:29]} 73. Kxg5 {[%clk 0:56:52]} Kxh3 {[%clk 0:01:55]} 74. Kf4 {[%clk
0:56:47]} Kg2 {[%clk 0:02:23]} 75. g5 {[%clk 0:57:11]} h3 {[%clk 0:02:49]} 76.
g6 {[%clk 0:57:39]} h2 {[%clk 0:03:10]} 77. g7 {[%clk 0:58:07]} h1=Q {[%clk
0:03:26]} 78. g8=Q {[%clk 0:58:31]} Kf1 {[%clk 0:02:36]} 79. Qc4 {[%clk
0:56:27]} Kg1 {[%clk 0:01:23]} 80. Qc5 {[%clk 0:47:40]} Kh2 {[%clk 0:01:31]}
81. Qh5 {[%clk 0:47:13]} Kg1 {[%clk 0:01:46]} 82. Qxh1 {[%clk 0:42:27]} Kxh1
1/2-1/2

[Event "DVM U16 2022"]
[Site "Darmstadt GER"]
[Date "2022.12.30"]
[Round "7"]
[White "Kaiser, Jason"]
[Black "Atze, Reinhard"]
[Result "0-1"]
[Termination "normal"]
[Board "8.3"]
[WhiteElo "1345"]
[BlackElo "1329"]
[WhiteClock "00:03:08"]
[BlackClock "00:28:47"]
[WhiteTeam "SF Neuberg"]
[BlackTeam "Schachklub König Plauen"]
[PlyCount "84"]
[WhiteFideId "16275187"]
[BlackFideId "12995665"]
[EventCountry "GER"]
[EventRounds "7"]
[EventType "team-swiss"]
[EventDate "2022.12.26"]

1. e4 {[%clk 1:30:57]} e5 {[%clk 1:30:56]} 2. Nf3 {[%clk 1:31:18]} Nc6 {[%clk
1:31:19]} 3. Bc4 {[%clk 1:31:36]} Nd4 {[%clk 1:31:23]} 4. d3 {[%clk 1:23:52]}
Nxf3 {[%clk 1:30:10]} 5. Qxf3 {[%clk 1:24:00]} Nf6 {[%clk 1:30:31]} 6. Bg5
{[%clk 1:20:41]} Be7 {[%clk 1:30:46]} 7. Nc3 {[%clk 1:15:17]} O-O {[%clk
1:30:19]} 8. O-O {[%clk 1:10:59]} d6 {[%clk 1:27:33]} 9. h3 {[%clk 1:06:17]} h6
{[%clk 1:25:52]} 10. Bh4 {[%clk 1:03:49]} a6 {[%clk 1:22:28]} 11. Ne2 {[%clk
0:56:08]} c6 {[%clk 1:15:00]} 12. Qe3 {[%clk 0:47:17]} Qc7 {[%clk 1:12:16]} 13.
Bg3 {[%clk 0:39:08]} Kh8 {[%clk 1:02:52]} 14. f4 {[%clk 0:35:26]} Nh5 {[%clk
0:58:11]} 15. Bh2 {[%clk 0:29:08]} d5 {[%clk 0:54:40]} 16. exd5 {[%clk
0:20:36]} cxd5 {[%clk 0:54:44]} 17. Bb3 {[%clk 0:20:21]} Bc5 {[%clk 0:49:43]}
18. d4 {[%clk 0:20:27]} exd4 {[%clk 0:48:37]} 19. Nxd4 {[%clk 0:20:10]} Qb6
{[%clk 0:47:51]} 20. c3 {[%clk 0:19:26]} Nf6 {[%clk 0:46:43]} 21. Rad1 {[%clk
0:16:47]} Bf5 {[%clk 0:44:37]} 22. Kh1 {[%clk 0:13:09]} Be4 {[%clk 0:43:57]}
23. Qd2 {[%clk 0:12:21]} Rfe8 {[%clk 0:38:30]} 24. Bg1 {[%clk 0:08:06]} Qc7
{[%clk 0:36:28]} 25. Ne2 {[%clk 0:06:52]} Bd6 {[%clk 0:36:00]} 26. Bd4 {[%clk
0:05:29]} Nh5 {[%clk 0:34:11]} 27. Be3 {[%clk 0:04:49]} Re7 {[%clk 0:32:24]}
28. Kg1 {[%clk 0:04:00]} Rae8 {[%clk 0:31:54]} 29. g4 {[%clk 0:03:32]} Bg2
{[%clk 0:29:55]} 30. Kxg2 {[%clk 0:03:15]} Rxe3 {[%clk 0:30:08]} 31. Rde1
{[%clk 0:02:44]} Nxf4 {[%clk 0:28:06]} 32. Nxf4 {[%clk 0:02:06]} Bxf4 {[%clk
0:28:23]} 33. Rxe3 {[%clk 0:02:00]} Rxe3 {[%clk 0:28:38]} 34. Qxd5 {[%clk
0:01:31]} Rg3 {[%clk 0:28:46]} 35. Kf2 {[%clk 0:01:41]} Qb6 {[%clk 0:28:49]}
36. Ke2 {[%clk 0:01:19]} Qe3 {[%clk 0:28:50]} 37. Kd1 {[%clk 0:01:38]} Qc1
{[%clk 0:27:41]} 38. Ke2 {[%clk 0:01:52]} Re3 {[%clk 0:28:04]} 39. Kf2 {[%clk
0:02:01]} Qxb2 {[%clk 0:28:25]} 40. Kg1 {[%clk 0:02:23]} Rg3 {[%clk 0:28:42]}
41. Kh1 {[%clk 0:02:46]} Rg1 {[%clk 0:28:47]} 42. Kxg1 {[%clk 0:03:08]} Qh2#
0-1

[Event "DVM U16 2022"]
[Site "Darmstadt GER"]
[Date "2022.12.30"]
[Round "7"]
[White "Bühring, Marwin"]
[Black "Pomrehn, Ole Magnus"]
[Result "1-0"]
[Termination "normal"]
[Board "8.4"]
[WhiteElo "1374"]
[BlackElo "1525"]
[WhiteClock "00:10:58"]
[BlackClock "00:01:20"]
[WhiteTeam "Schachklub König Plauen"]
[BlackTeam "SF Neuberg"]
[PlyCount "109"]
[WhiteFideId "16281985"]
[BlackFideId "16232704"]
[EventCountry "GER"]
[EventRounds "7"]
[EventType "team-swiss"]
[EventDate "2022.12.26"]

1. e4 {[%clk 1:30:45]} c6 {[%clk 1:30:53]} 2. d4 {[%clk 1:31:12]} d5 {[%clk
1:31:19]} 3. exd5 {[%clk 1:31:39]} cxd5 {[%clk 1:31:43]} 4. Bd3 {[%clk
1:32:02]} Nf6 {[%clk 1:32:05]} 5. h3 {[%clk 1:32:25]} Nc6 {[%clk 1:32:20]} 6.
c3 {[%clk 1:32:52]} e6 {[%clk 1:32:36]} 7. Bf4 {[%clk 1:33:04]} Bd6 {[%clk
1:32:57]} 8. Bxd6 {[%clk 1:33:29]} Qxd6 {[%clk 1:33:23]} 9. Nf3 {[%clk
1:33:45]} Bd7 {[%clk 1:32:57]} 10. O-O {[%clk 1:33:53]} O-O {[%clk 1:33:19]}
11. Re1 {[%clk 1:34:16]} Ne7 {[%clk 1:33:08]} 12. Nbd2 {[%clk 1:30:38]} Ng6
{[%clk 1:32:36]} 13. Ne5 {[%clk 1:30:04]} Rac8 {[%clk 1:31:27]} 14. Ndf3 {[%clk
1:26:29]} Rc7 {[%clk 1:27:29]} 15. a4 {[%clk 1:23:24]} Rfc8 {[%clk 1:25:19]}
16. Qd2 {[%clk 1:16:19]} Be8 {[%clk 1:14:18]} 17. Nh2 {[%clk 0:59:58]} Nd7
{[%clk 0:56:54]} 18. Nxd7 {[%clk 0:48:13]} Bxd7 {[%clk 0:56:23]} 19. Nf3 {[%clk
0:48:02]} Nf4 {[%clk 0:55:05]} 20. Bc2 {[%clk 0:46:46]} Ng6 {[%clk 0:53:13]}
21. Ne5 {[%clk 0:40:27]} Nxe5 {[%clk 0:52:20]} 22. Rxe5 {[%clk 0:40:41]} Qe7
{[%clk 0:37:42]} 23. Rae1 {[%clk 0:35:54]} Qf6 {[%clk 0:35:11]} 24. R1e3 {[%clk
0:32:55]} Qh6 {[%clk 0:26:23]} 25. Qd1 {[%clk 0:25:03]} g6 {[%clk 0:23:49]} 26.
Rg3 {[%clk 0:16:44]} Kf8 {[%clk 0:20:44]} 27. Kh2 {[%clk 0:15:21]} Qf4 {[%clk
0:12:36]} 28. Qe1 {[%clk 0:08:07]} f5 {[%clk 0:07:40]} 29. Ree3 {[%clk
0:06:12]} Re8 {[%clk 0:06:34]} 30. Ref3 {[%clk 0:05:05]} Qd6 {[%clk 0:06:46]}
31. Qe3 {[%clk 0:05:13]} Re7 {[%clk 0:05:33]} 32. h4 {[%clk 0:04:05]} Rg7
{[%clk 0:03:16]} 33. Kg1 {[%clk 0:02:59]} Bc8 {[%clk 0:01:44]} 34. h5 {[%clk
0:01:31]} gxh5 {[%clk 0:00:50]} 35. Qh6 {[%clk 0:01:47]} Qe7 {[%clk 0:00:36]}
36. Qxh5 {[%clk 0:01:47]} Qf6 {[%clk 0:00:35]} 37. Rh3 {[%clk 0:01:37]} Qg6
{[%clk 0:00:39]} 38. Qxg6 {[%clk 0:01:40]} Rxg6 {[%clk 0:01:01]} 39. Re3 {[%clk
0:01:24]} Rcg7 {[%clk 0:01:11]} 40. g3 {[%clk 0:01:42]} Rg5 {[%clk 0:01:02]}
41. Kg2 {[%clk 0:00:37]} Kg8 {[%clk 0:00:44]} 42. Re1 {[%clk 0:28:52]} Bd7
{[%clk 0:27:56]} 43. Bd3 {[%clk 0:23:12]} Bxa4 {[%clk 0:22:06]} 44. Rxe6 {[%clk
0:23:11]} Bd7 {[%clk 0:22:09]} 45. Re5 {[%clk 0:18:24]} Kf7 {[%clk 0:13:31]}
46. f4 {[%clk 0:13:45]} Rg4 {[%clk 0:08:26]} 47. Bxf5 {[%clk 0:13:30]} Bxf5
{[%clk 0:08:48]} 48. Rxf5 {[%clk 0:13:57]} Ke6 {[%clk 0:09:01]} 49. Re5 {[%clk
0:14:16]} Kd6 {[%clk 0:08:56]} 50. Kf3 {[%clk 0:13:48]} R4g6 {[%clk 0:08:32]}
51. Reh5 {[%clk 0:13:43]} b5 {[%clk 0:04:41]} 52. Rxh7 {[%clk 0:12:52]} Kc7
{[%clk 0:02:41]} 53. Rxg7 {[%clk 0:10:47]} Rxg7 {[%clk 0:03:05]} 54. Rh6 {[%clk
0:10:58]} Rd7 {[%clk 0:01:20]} 55. f5 1-0

[Event "DVM U16 2022"]
[Site "Darmstadt GER"]
[Date "2022.12.30"]
[Round "7"]
[White "Lichtinger, Simon"]
[Black "Lerchl, Clemens"]
[Result "0-1"]
[Termination "normal"]
[Board "9.1"]
[WhiteElo "1517"]
[BlackElo "1958"]
[WhiteClock "00:15:21"]
[BlackClock "00:23:37"]
[WhiteTeam "FC Ergolding 1932 e.V."]
[BlackTeam "Schach-Club Vaterstetten-Grasbrunn"]
[PlyCount "128"]
[WhiteFideId "16230442"]
[BlackFideId "16226372"]
[EventCountry "GER"]
[EventRounds "7"]
[EventType "team-swiss"]
[EventDate "2022.12.26"]

1. Nf3 {[%clk 1:30:58]} d6 {[%clk 1:30:51]} 2. d4 {[%clk 1:30:27]} Nf6 {[%clk
1:31:15]} 3. Nc3 {[%clk 1:30:44]} Bf5 {[%clk 1:30:45]} 4. Nh4 {[%clk 1:23:16]}
Bg4 {[%clk 1:28:31]} 5. h3 {[%clk 1:22:55]} Bh5 {[%clk 1:28:56]} 6. g4 {[%clk
1:22:40]} Bg6 {[%clk 1:29:21]} 7. Nxg6 {[%clk 1:22:58]} hxg6 {[%clk 1:29:45]}
8. Bg2 {[%clk 1:20:41]} c6 {[%clk 1:28:42]} 9. e4 {[%clk 1:17:17]} e6 {[%clk
1:28:12]} 10. Bg5 {[%clk 1:15:15]} Be7 {[%clk 1:28:20]} 11. Qe2 {[%clk
1:11:43]} Nxe4 {[%clk 1:22:02]} 12. Qxe4 {[%clk 1:06:26]} Bxg5 {[%clk 1:22:13]}
13. O-O {[%clk 1:06:24]} d5 {[%clk 1:21:42]} 14. Qd3 {[%clk 1:05:57]} Bf4
{[%clk 1:16:12]} 15. Ne2 {[%clk 1:04:08]} g5 {[%clk 1:15:39]} 16. Nxf4 {[%clk
1:00:47]} gxf4 {[%clk 1:16:01]} 17. Rfe1 {[%clk 0:59:06]} Nd7 {[%clk 1:10:04]}
18. Re2 {[%clk 0:56:10]} g5 {[%clk 1:07:45]} 19. Rae1 {[%clk 0:55:00]} Qf6
{[%clk 1:04:55]} 20. c4 {[%clk 0:46:01]} dxc4 {[%clk 0:58:01]} 21. Qxc4 {[%clk
0:46:24]} Nb6 {[%clk 0:57:11]} 22. Qc5 {[%clk 0:36:28]} Rd8 {[%clk 0:46:21]}
23. Rd2 {[%clk 0:21:09]} Qe7 {[%clk 0:40:22]} 24. Qe5 {[%clk 0:14:32]} Rh6
{[%clk 0:32:30]} 25. b3 {[%clk 0:14:12]} Nd5 {[%clk 0:26:41]} 26. Kh2 {[%clk
0:11:28]} Kf8 {[%clk 0:09:39]} 27. Bxd5 {[%clk 0:10:43]} Rxd5 {[%clk 0:09:47]}
28. Qb8 {[%clk 0:11:01]} Rd8 {[%clk 0:09:17]} 29. Qxa7 {[%clk 0:11:20]} f3
{[%clk 0:09:29]} 30. Rh1 {[%clk 0:09:09]} Kg7 {[%clk 0:06:00]} 31. Qa5 {[%clk
0:08:25]} f6 {[%clk 0:05:11]} 32. Qc3 {[%clk 0:08:03]} Qd6 {[%clk 0:04:42]} 33.
Kg1 {[%clk 0:08:18]} Qf4 {[%clk 0:03:31]} 34. Rd3 {[%clk 0:07:34]} Rhh8 {[%clk
0:03:43]} 35. Rxf3 {[%clk 0:07:19]} Qxd4 {[%clk 0:04:08]} 36. Kg2 {[%clk
0:06:55]} Qxc3 {[%clk 0:03:26]} 37. Rxc3 {[%clk 0:07:18]} Rd2 {[%clk 0:03:53]}
38. a4 {[%clk 0:07:16]} Rhd8 {[%clk 0:04:19]} 39. Rhc1 {[%clk 0:06:12]} Kf7
{[%clk 0:03:46]} 40. b4 {[%clk 0:05:08]} Rb2 {[%clk 0:01:54]} 41. b5 {[%clk
0:03:35]} Rdd2 {[%clk 0:25:33]} 42. bxc6 {[%clk 0:31:30]} Rxf2 {[%clk 0:25:58]}
43. Kg1 {[%clk 0:31:56]} Rg2 {[%clk 0:26:19]} 44. Kf1 {[%clk 0:31:34]} Rh2
{[%clk 0:25:52]} 45. Kg1 {[%clk 0:31:04]} bxc6 {[%clk 0:26:12]} 46. a5 {[%clk
0:25:25]} Rbg2 {[%clk 0:26:31]} 47. Kf1 {[%clk 0:25:38]} Ra2 {[%clk 0:26:56]}
48. Kg1 {[%clk 0:25:49]} Rhd2 {[%clk 0:26:54]} 49. Rxc6 {[%clk 0:22:56]} Rg2
{[%clk 0:26:55]} 50. Kf1 {[%clk 0:22:00]} Rh2 {[%clk 0:27:18]} 51. Kg1 {[%clk
0:21:45]} Rxh3 {[%clk 0:27:41]} 52. a6 {[%clk 0:18:23]} Rg3 {[%clk 0:21:00]}
53. Kh1 {[%clk 0:17:49]} Rxg4 {[%clk 0:20:15]} 54. Rc7 {[%clk 0:15:32]} Kg6
{[%clk 0:20:35]} 55. a7 {[%clk 0:14:38]} Rga4 {[%clk 0:20:50]} 56. Re7 {[%clk
0:14:24]} Rxa7 {[%clk 0:21:12]} 57. Rxe6 {[%clk 0:14:49]} Ra1 {[%clk 0:21:35]}
58. Rxa1 {[%clk 0:14:46]} Rxa1 {[%clk 0:22:01]} 59. Kg2 {[%clk 0:15:13]} Ra3
{[%clk 0:22:20]} 60. Rb6 {[%clk 0:15:26]} g4 {[%clk 0:22:23]} 61. Rb8 {[%clk
0:15:06]} f5 {[%clk 0:22:36]} 62. Rg8 {[%clk 0:15:22]} Kf6 {[%clk 0:23:01]} 63.
Rf8 {[%clk 0:15:29]} Kg5 {[%clk 0:23:23]} 64. Rb8 {[%clk 0:15:21]} Ra2 {[%clk
0:23:37]} 0-1